| 000 -УДИРДЛАГА |
| Удирдлага |
02041nam a22005297a 4500 |
| 003 - ХЯНАЛТЫН ТОО ТОДОРХОЙЛОГЧ |
| Код |
MN-UlNUM |
| 005 - БИЧИЛТ ХИЙСЭН ОГНОО |
| Тухайн бичилтийг бичсэн засварласан сүүлийн огноо |
20260106200858.0 |
| 008 - ЕРӨНХИЙ МЭДЭЭЛЭЛ |
| Ерөнхий мэдээлэл |
140425s2007 mauab b 001 0 eng |
| 020 ## - ISBN |
| ISBN |
9780072999891 |
| -- |
0072999896 |
| 040 ## - БИЧЛЭГ ҮҮСГЭГЧ БАЙГУУЛЛАГА |
| Бичлэг үүсгэгч номын сангийн код |
МУИС-ийн номын сан |
| 084 ## - ББК АНГИЛАЛ |
| Нэмэлт тусгалт |
Гарын авлага |
| ББК ангилал |
65.290-2 |
| Зохиогчийн гурван тэмдэгт |
K 37 |
| Мэдлэгийн ялгаа |
65 - Эдийн засаг |
| 100 1# - ЗОХИОГЧ |
| Зохиогчийн нэр |
Kerin, Roger A. |
| 245 1# - ҮНДСЭН ГАРЧИГ |
| Номын нэр |
Marketing |
| Бага гарчгийн мэдээ |
The core |
| Оролцогчдын тухай мэдээ |
Roger A. Kerin, Steven W. Hartley, William Rudelius |
| 250 ## - ДАХИН ХЭВЛЭЛТ |
| Дахин гаралтын дугаар |
2nd ed. |
| 260 ## - ГАРАЛТЫН МЭДЭЭ |
| Хэвлэгдсэн газар |
Boston, Mass. |
| Хэвлэлийн газар |
McGraw-Hill/Irwin |
| Хэвлэгдсэн он |
2007 |
| 300 ## - МАТЕРИАЛЫН ТОДОРХОЙЛОЛТ |
| хуудасны тоо |
xxxiii, 425, G5, CN16, CR2, I28 p. |
| Бусад тоон мэдээлэл |
ill. (chiefly col.), col. map |
| Хэмжээ |
28 cm |
| 500 ## - Тайлбар |
| Дансны дугаар |
БС 6049 |
| 546 ## - ХЭЛНИЙ ТУХАЙ МЭДЭЭ |
| Хэл |
Англи хэл дээр, |
| 653 ## - Түлхүүр үг |
| Түлхүүр үг |
marketing |
| 700 1# - ХАМ ЗОХИОГЧИД |
| Ба бус |
Hartley, Steven William |
| 700 1# - ХАМ ЗОХИОГЧИД |
| Ба бус |
Rudelius, William |
| 740 ## - НОМЫН ГАРЧИГ |
| Гарчиг |
Initiating the Marketing Process |
| 740 ## - НОМЫН ГАРЧИГ |
| Гарчиг |
Creating Customer Relationships and Value through Marketing |
| 740 ## - НОМЫН ГАРЧИГ |
| Гарчиг |
Developing Successful Marketing and Corporate Strategies |
| 740 ## - НОМЫН ГАРЧИГ |
| Гарчиг |
Scanning the Marketing Environment |
| 740 ## - НОМЫН ГАРЧИГ |
| Гарчиг |
Ethics and Social Responsibility in Marketing |
| 740 ## - НОМЫН ГАРЧИГ |
| Гарчиг |
Understanding Buyers and Markets |
| 740 ## - НОМЫН ГАРЧИГ |
| Гарчиг |
Consumer Behavior |
| 740 ## - НОМЫН ГАРЧИГ |
| Гарчиг |
Organizational Markets and Buyer Behavior |
| 740 ## - НОМЫН ГАРЧИГ |
| Гарчиг |
Reaching Global Markets |
| 740 ## - НОМЫН ГАРЧИГ |
| Гарчиг |
Targeting Marketing Opportunities |
| 740 ## - НОМЫН ГАРЧИГ |
| Гарчиг |
Marketing Research: From Information to Action |
| 740 ## - НОМЫН ГАРЧИГ |
| Гарчиг |
Identifying Market Segments and Targets |
| 740 ## - НОМЫН ГАРЧИГ |
| Гарчиг |
Satisfying Marketing Opportunities |
| 740 ## - НОМЫН ГАРЧИГ |
| Гарчиг |
Developing New Products and Services |
| 740 ## - НОМЫН ГАРЧИГ |
| Гарчиг |
Managing Products, Services, and Brands |
| 740 ## - НОМЫН ГАРЧИГ |
| Гарчиг |
Pricing Products and Services |
| 740 ## - НОМЫН ГАРЧИГ |
| Гарчиг |
Managing Marketing Channels and Supply Chains |
| 740 ## - НОМЫН ГАРЧИГ |
| Гарчиг |
Retailing and Wholesaling |
| 740 ## - НОМЫН ГАРЧИГ |
| Гарчиг |
Retailing and Wholesaling |
| 740 ## - НОМЫН ГАРЧИГ |
| Гарчиг |
Integrated Marketing Communications and Direct Marketing |
| 740 ## - НОМЫН ГАРЧИГ |
| Гарчиг |
Personal Selling and Sales Management |
| 740 ## - НОМЫН ГАРЧИГ |
| Гарчиг |
Implementing Interactive and Multichannel Marketing |
| 942 ## - ЭЛЕМЕНТИЙН ТӨРӨЛ |
| Зүйлийн төрөл |
Ном |